Calculus (Record no. 241070)

MARC details
000 -LEADER
fixed length control field 01229nam a22002537a 4500
005 - DATE AND TIME OF LATEST TRANSACTION
control field 20260326162940.0
008 - FIXED-LENGTH DATA ELEMENTS--GENERAL INFORMATION
fixed length control field 260326b |||||||| |||| 00| 0 eng d
020 ## - INTERNATIONAL STANDARD BOOK NUMBER
International Standard Book Number 9789354642630
040 ## - CATALOGING SOURCE
Transcribing agency AL
041 ## - LANGUAGE CODE
Language code of text/sound track or separate title English
082 ## - DEWEY DECIMAL CLASSIFICATION NUMBER
Classification number 515
Item number APOC
100 ## - MAIN ENTRY--PERSONAL NAME
Personal name Tom M Apostol
100 ## - MAIN ENTRY--PERSONAL NAME
9 (RLIN) 259439
245 ## - TITLE STATEMENT
Title Calculus
250 ## - EDITION STATEMENT
Edition statement 2
260 ## - PUBLICATION, DISTRIBUTION, ETC.
Place of publication, distribution, etc. New Delhi
Name of publisher, distributor, etc. Wiley India Pvt Ltd
Date of publication, distribution, etc. 2025
300 ## - PHYSICAL DESCRIPTION
Extent 663 p.
Other physical details PB
Dimensions 25X20 cm.
365 ## - TRADE PRICE
Price type code VBI-2645
Price amount ₹764.25
Currency code
Unit of pricing ₹1019.00
Price note 25%
Price effective from 20-02-2026
440 ## - SERIES STATEMENT/ADDED ENTRY--TITLE
Title Volume 1
9 (RLIN) 259440
520 ## - SUMMARY, ETC.
Summary, etc. Calculus, Second Edition, strikes a perfect balance between theory and technique. Although it differs from the majority of contemporary texts, treating integration before differentiation is the most accurate historical representation of the relationship between the integral and the derivative. This introduces the mean-value theorems and their applications earlier in the text, incorporates a treatment of linear algebra, and contains many new and easier exercises. As in the first edition, an interesting historical introduction precedes each important new concept.
650 ## - SUBJECT ADDED ENTRY--TOPICAL TERM
Topical term or geographic name entry element Volume 1
9 (RLIN) 259441
700 ## - ADDED ENTRY--PERSONAL NAME
Personal name Singh,Jitender
9 (RLIN) 259442
700 ## - ADDED ENTRY--PERSONAL NAME
Personal name Goyal,Suraj
9 (RLIN) 259443
942 ## - ADDED ENTRY ELEMENTS (KOHA)
Source of classification or shelving scheme Dewey Decimal Classification
Koha item type Book
Holdings
Withdrawn status Lost status Source of classification or shelving scheme Damaged status Not for loan Collection code Home library Current library Date acquired Source of acquisition Cost, normal purchase price Total Checkouts Full call number Barcode Date last seen Cost, replacement price Price effective from Koha item type
    Dewey Decimal Classification     Information Science and Engineering St Aloysius Engineering Library St Aloysius Engineering Library 03/26/2026 Vidyarthi books 764.25   515 APOC SE000308 03/26/2026 1019.00 02/20/2026 Book